000 00634nab a2200193 4500
001 244442
003 OSt
005 20241212092156.0
007 tu
008 200917s2020|||||||
040 _aDE-2950
_cDE-2950
245 0 0 _aStrom und Gas werden billiger
_bEnergiekosten. Die Stadtwerke Frankfurt (Oder) GmbH senken im kommenden Jahr ihre Preise. Mit welchen Tarifen sich noch mehr sparen lässt/
_cThomas Gutke
264 _c2024
653 _aFrankfurt (Oder)
653 _aStadtwerke
653 _aEnergiepreise
773 0 _g35. Jahrgang (2024) Nr. 283 vom 04.12.2024, S. 13 mit Foto
_tMärkische Oderzeitung
942 _2z
_cA
999 _c373496
_d373496